| 000 | 00000nam##2200000za#4500 |
| 001 | 9.588017 |
| 003 | CaOODSP |
| 005 | 20210624194921 |
| 007 | cr ||||||||||| |
| 008 | 150406|2007||||xxc|||||o f|0| 0 eng|d |
| 022 | |a1701-1280 |
| 040 | |aCaOODSP|beng |
| 041 | |aeng |
| 041 | |afre |
| 043 | |an-cn--- |
| 086 | 1 |aFs70-4/2006-034-PDF |
| 110 | 1 |aCanada. |bDepartment of Fisheries and Oceans. |
| 245 | 10|aNational Science – Habitat Management workshop on Allowable Harm Assessment for aquatic species with habitat related threats : |h[electronic resource]|bFebruary 20–22, 2006, Hotel Novotel, Ottawa, Ontario / |c[by] C. Alwyn Rose ; chairpersons Reva Berman and Mike Stoneman. |
| 260 | |aOttawa - Ontario : |bFisheries and Oceans Canada |cMarch 2007. |
| 300 | |a103p.|bfigs. (some coloured), references, tables |
| 490 | 1 |aCanadian Science Advisory Secretariat proceedings series|x1701-1280|v2006/034 |
| 590 | |a11-31-Supp|b2011-12-13 |
| 720 | 1 |aRose, C. Alwyn |
| 720 | 1 |aBerman, Reva |
| 720 | 1 |aStoneman, Mike |
| 792 | |tAtelier national des Sciences et de Gestion de l'habitat sur l'évaluation des dommages admissibles pour les espèces aquatiques exposées à des menaces liées à l'habitat : |efre|w(CaOODSP)9.588018 |
| 830 | #0|aProceedings series (Canadian Science Advisory Secretariat)|x1701-1280|v2006/034|w(CaOODSP)9.500507 |
| 856 | 40|ahttp://publications.gc.ca|qPDF|s1005 KB|uhttps://publications.gc.ca/collections/collection_2011/mpo-dfo/Fs70-4-2006-034.pdf|y2006/034 |